000 00281nam a2200097Ia 4500
001 1300255
005 20260420095900.0
008 260420s9999 xx 000 0 und d
245 0 _aPEYGAMBER ÖYKÜLERİ - HZ. EYÜP
_cBELKIS İBRAHİM HAKKIOĞLU
260 _bTİMAŞ ÇOCUK YAYINLARI
999 _c1300255
_d1300255